[Event "Zonal 2.5 Absoluto"]
[Site "Asuncion"]
[Date "2009.06.17"]
[Round "8"]
[White "Benitez, Jose"]
[Black "Butti, Enrique"]
[Result "0-1"]
[WhiteElo "1939"]
[BlackElo "2100"]
[PlyCount "80"]
[EventDate "2009.06.10"]
[EventType "team"]
[EventRounds "9"]
[EventCountry "PAR"]
[SourceDate "2009.06.10"]

1. d4 c5 2. Nf3 d5 3. c4 e6 4. Nc3 Nc6 5. e3 Nf6 6. a3 cxd4 7. Nxd4 Bd6 8. b4
O-O 9. c5 Bb8 10. Bb2 e5 11. Nxc6 bxc6 12. Be2 e4 13. Na4 Ne8 14. h4 Qe7 15. g4
f5 16. g5 f4 17. Bh5 fxe3 18. fxe3 Bg3+ 19. Kd2 Be5 20. Rf1 Bxb2 21. Rxf8+ Qxf8
22. Nxb2 Ba6 23. Qg1 Nc7 24. Qg3 Ne6 25. Be2 Bxe2 26. Kxe2 a5 27. Rf1 Qe8 28.
Qg4 axb4 29. a4 Nxc5 30. h5 Nxa4 31. Nxa4 Rxa4 32. Kf2 b3 33. g6 b2 34. gxh7+
Kh8 35. h6 gxh6 36. Qf5 Ra1 37. Qf6+ Kxh7 38. Rxa1 bxa1=Q 39. Qxa1 Qf7+ 40. Kg2
Qg7+ 0-1